书目信息 |
| 题名: |
Amazing!儿童英语自然拼读单词王
|
|
| 作者: | ;青蓝外语 编著 | |
| 分册: | ||
| 出版信息: | 北京 中国水利水电出版社 2020.10 |
|
| 页数: | 160页 | |
| 开本: | 26cm | |
| 丛书名: | ||
| 单 册: | ||
| 中图分类: | H313 , G613.2 | |
| 科图分类: | ||
| 主题词: | 教育--各级--词汇--儿童教育--教材 | |
| 电子资源: | ||
| ISBN: | 978-7-5170-8859-2 | |
| 000 | 01183nam0 2200241 45 | |
| 001 | 012001001664 | |
| 005 | 20210922164345.01 | |
| 010 | @a978-7-5170-8859-2@dCNY49.80 | |
| 100 | @a20210222d2020 cd y0chiy0110 ea | |
| 101 | 0 | @achi@aeng |
| 102 | @aCN@b110000 | |
| 105 | @aa z 000yy | |
| 106 | @ar | |
| 200 | 1 | @aAmazing!儿童英语自然拼读单词王@AAmazing! er tong ying yu zi ran pin du dan ci wang@f青蓝外语编著 |
| 210 | @a北京@c中国水利水电出版社@d2020.10 | |
| 215 | @a160页@c图@d26cm | |
| 330 | @a《Amazing!儿童英语自然拼读单词王》是一本帮助孩子高效学习自然拼读法的单词书。本书内容从字母到字母组合,从字母组合到单词,全都以发音为基础来分类排序,方便读者查阅和学习。本书针对儿童语言学习规律,以发音为基础,融合自然拼读法,循序渐进,简单易学。本书主要分为两部分:字首音——包含辅音和五个短元音的发音规则;长元音——更为高级的自然拼读规则。通过以发音为基础的单词归类学习,把复杂的发音归纳成有规律的、简单的自然拼读发音规则,让孩子轻松掌握自然拼读法,巧记单词无压力。 | |
| 606 | 0 | @a教育@x各级@x词汇@x儿童教育@j教材 |
| 690 | @aH313@v5 | |
| 690 | @aG613.2@v3 | |
| 711 | 02 | @a青蓝外语@Aqing lan wai yu@4编著 |
| 801 | @aCN@bAHXH@c20210922 | |
| 905 | @b1249117-21@dG613.2@e1900@f5 | |
| Amazing!儿童英语自然拼读单词王/青蓝外语编著.-北京:中国水利水电出版社,2020.10 |
| 160页:图;26cm |
| ISBN 978-7-5170-8859-2:CNY49.80 |
| 《Amazing!儿童英语自然拼读单词王》是一本帮助孩子高效学习自然拼读法的单词书。本书内容从字母到字母组合,从字母组合到单词,全都以发音为基础来分类排序,方便读者查阅和学习。本书针对儿童语言学习规律,以发音为基础,融合自然拼读法,循序渐进,简单易学。本书主要分为两部分:字首音——包含辅音和五个短元音的发音规则;长元音——更为高级的自然拼读规则。通过以发音为基础的单词归类学习,把复杂的发音归纳成有规律的、简单的自然拼读发音规则,让孩子轻松掌握自然拼读法,巧记单词无压力。 |
| ● |
| 相关链接 |
|
|
|
|
正题名:Amazing!儿童英语自然拼读单词王
索取号:G613.2/1900
 
预约/预借
| 序号 | 登录号 | 条形码 | 馆藏地/架位号 | 状态 | 备注 |
| 1 | 1249117 | 212491178 | 第一样本阅览室/ [索取号:G613.2/1900] | 在馆 | |
| 2 | 1249118 | 212491187 | 教育系资料室/ [索取号:G613.2/1900] | 在馆 | |
| 3 | 1249119 | 212491196 | 教育系资料室/ [索取号:G613.2/1900] | 在馆 | |
| 4 | 1249120 | 212491203 | 第四借阅区/ [索取号:G613.2/1900] | 在馆 | |
| 5 | 1249121 | 212491212 | 第四借阅区/ [索取号:G613.2/1900] | 在馆 |